[Event "MDA-ch (Women)"]
[Site "Kishinev"]
[Date "2022.02.21"]
[Round "3"]
[White "Grebeniuc, Alexandra"]
[Black "Bitca, Emilia"]
[Result "1/2-1/2"]
[WhiteElo "1386"]
[BlackElo "1445"]
[PlyCount "93"]
[EventDate "2022.02.19"]
[EventType "swiss"]
[EventRounds "7"]
[EventCountry "MDA"]
[SourceTitle "CBM 207 Extra"]
[Source "ChessBase"]
[SourceDate "2022.05.31"]
[SourceVersion "1"]
[SourceVersionDate "2022.05.31"]
[SourceQuality "1"]

1. e4 c5 2. Nf3 e6 3. d3 Nc6 4. g3 g6 5. Bg2 Bg7 6. c3 e5 7. 0-0 Nge7 8. Be3 d6 9. Nbd2 0-0 10. a3 b5 11. b4 cxb4 12. cxb4 Bb7 13. Qb3 d5 14. Bc5 d4 15. a4 a6 16. Ng5 h6 17. Nh3 g5 18. f4 g4 19. Nf2 h5 20. f5 Bf6 21. Qd1 Bg5 22. Nxg4 f6 23. Nf2 Bxd2 24. Qxd2 Kg7 25. Qe2 Rh8 26. Qa2 Qd7 27. h4 Na7 28. a5 Nac6 29. Qe2 Rag8 30. Bf3 Qe8 31. Rac1 Kf8 32. Kh2 Qf7 33. Nh1 Ke8 34. Qb2 Kd7 35. Bd1 Ra8 36. Bb3 Qg7 37. Be6+ Ke8 38. Qe2 Bc8 39. Bxe7 Nxe7 40. Bxc8 Rxc8 41. Rxc8+ Nxc8 42. Qc2 Qd7 43. Rc1 Nd6 44. Qc5 Ke7 45. Qb6 Rc8 46. Rc5 Rxc5 47. bxc5 1/2-1/2